书目信息 |
| 题名: |
怎样分析句子
|
|
| 作者: | 蔡宝麟 , 周中其 著 | |
| 分册: | ||
| 出版信息: | 上海 上海教育出版社 1982.04 |
|
| 页数: | 98页 | |
| 开本: | 19cm | |
| 丛书名: | ||
| 单 册: | ||
| 中图分类: | H146.3 | |
| 科图分类: | ||
| 主题词: | 汉语--语法 | |
| 电子资源: | ||
| ISBN: | ||
| 000 | 00582nam0 2200217 45 | |
| 001 | 0311240934 | |
| 005 | 20060805170514.75 | |
| 010 | @dCNY0.24 | |
| 091 | @a7150.2563 | |
| 100 | @a20031124d1982 km y0chiy0120 ea | |
| 101 | 0 | @achi |
| 105 | @aa z 000yy | |
| 200 | 1 | @a怎样分析句子@AZen Yang Fen Xi Ju Zi@f蔡宝麟,周中其著@FCai Bao Lin,Zhou Zhong Qi Zhu |
| 210 | @a上海@c上海教育出版社@d1982.04 | |
| 215 | @a98页@c图表@d19cm | |
| 606 | 0 | @a汉语@x语法 |
| 690 | @aH146.3@v3 | |
| 701 | 0 | @a蔡宝麟@4著 |
| 701 | 0 | @a周中其@4著 |
| 801 | @aCN@bTSTC@c20060805 | |
| 905 | @dH146.3@e11 | |
| 怎样分析句子/蔡宝麟,周中其著.-上海:上海教育出版社,1982.04 |
| 98页:图表;19cm |
| ISBN :CNY0.24 |
| ● |
| 相关链接 |
|
|
|
|
正题名:怎样分析句子
索取号:H146.3/11
 
预约/预借
| 序号 | 登录号 | 条形码 | 馆藏地/架位号 | 状态 | 备注 |
| 1 | 0071958 | 001522365 | 密集书库/ [索取号:H146.3/11] | 在馆 | |
| 2 | 0071959 | 001525898 | 密集书库/ [索取号:H146.3/11] | 在馆 | |
| 3 | 0071960 | 001525923 | 密集书库/ [索取号:H146.3/11] | 在馆 | |
| 4 | 0071961 | 001525914 | 密集书库/ [索取号:H146.3/11] | 在馆 | |
| 5 | 0071962 | 001525905 | 密集书库/ [索取号:H146.3/11] | 在馆 | |
| 6 | 0421476 | 204214769 | 密集书库/ [索取号:H146.3/11] | 在馆 | |
| 7 | 0421477 | 204214778 | 密集书库/ [索取号:H146.3/11] | 在馆 | |
| 8 | 0436445 | 204364455 | 密集书库/ [索取号:H146.3/11] | 在馆 | |
| 9 | 0451663 | 204516639 | 密集书库/ [索取号:H146.3/11] | 在馆 |